Statistics for WHAT CHEESE IS THIS

Click here to take the quiz!

General Stats

  • This quiz has been taken 21 times
  • The average score is 4 of 8

Answer Stats

Answer% Correct
Brie
90%
cheddar
70%
mozzarella
70%
parmesan
55%
camembert
50%
gorgonzola
45%
roquefort
40%
stilton
25%

Score Distribution

Percentile by Number Answered

Percent of People with Each Score

Your Score History

You have not taken this quiz